| 000 | 00398nam a22001577a 4500 | ||
|---|---|---|---|
| 003 | IT-RoPau | ||
| 005 | 20220918181218.0 | ||
| 008 | 131116b xxu||||| |||| 00| 0 eng d | ||
| 040 | _cIT-RoPau | ||
| 100 |
_aDaniotti, Tiziano _92170 |
||
| 245 | _aMamma e papĂ in attesa | ||
| 250 | _a1 ed. | ||
| 260 |
_aCinisello Balsamo (Mi) _bEdizioni San Paolo _c1996 |
||
| 300 | _c15 cm | ||
| 942 |
_2ddc _cBK |
||
| 999 |
_c104154 _d104154 |
||